Halloween Movies Quiz - Statistics

General Stats
  • This quiz has been taken 11 times
  • The average score is 13 of 15
Answer Stats
Question Answer % Correct
How many films were created? 11
100%
What year did the first Halloween movie come out? 1978
100%
What age was Michael depicted to be at in the first movie? 6
100%
Which film had the longest runtime of the series? Halloween (2007)
100%
Which Halloween film doesn’t feature Michael Myers at all other than in a TV commercial? Halloween 3; Season of the Witch
100%
Who is Laurie Strodes’s daughter? Jamie Lloyd
100%
Who composed the popular theme music for the Halloween franchise? John Carpenter
100%
According to the first film, who was the first person Michael Myers killed? Judith Myers
100%
What’s the name of the town Michael used to live in? Haddonfield
80%
Who played Michael Myers in the first movie? Nick Castle
80%
What relation does Laurie Strode have to Michael Myers? Sister
80%
What is a common nickname for Michael Myers? The Shape
80%
What was the budget for the first film? $300,000
60%
What colour is Michael Myers’s mask? White
60%
Which film had the shortest runtime of the series? Halloween H2O: 20 Years Later
20%
No matching quizzes found
Score Distribution
Percent of People with Each Score
Percentile by Number Answered
Your Score History
You have not taken this quiz